TV Sisters Quiz Stats

 Plays Quiz Updated Jul 19, 2017

Support Sporcle.
Go Orange.
Score 0/20 Timer 07:00
0 Plays Today
% Correct
Friends
91.5%
Ugly Betty
87.1%
Buffy the Vampire Slayer
83%
Charmed
81.3%
Modern Family
79.8%
Downton Abbey
77.9%
The Brady Bunch
73.1%
Sister, Sister
72.3%
Grey's Anatomy
70.2%
The Fresh Prince of Bel-Air
69.3%
% Correct
Black-ish
52.8%
American Horror Story: Freak Show
49.5%
Alias
47.3%
Breaking Bad
37.4%
Once Upon a Time
36.1%
Jessica Jones
32.6%
Supergirl
28.9%
Brothers & Sisters
28.5%
Nashville
26.4%
Pretty Little Liars
22.6%

You're not logged in!

Compare scores with friends on all Sporcle quizzes.
OR
Log In
Forgot?

From the Vault

Beyoncé or Rihanna?

by slipkid

Can we add Mariah Carey in here as well? She has our vote, no matter what this contest is about.
Remove Ads.
Support Sporcle.
Get the best of Sporcle when you Go Orange. This ad-free experience offers more features, more stats, and more fun while also helping to support Sporcle. Thank you for becoming a member.

Show Comments

Extras

Top Quizzes Today


Score Distribution

Your Account Isn't Verified!

In order to create a playlist on Sporcle, you need to verify the email address you used during registration. Go to your Sporcle Settings to finish the process.

Report this User

Report this user for behavior that violates our Community Guidelines.

Details: